| 000 | 00000nas 2200000za 4500 |
| 001 | 9.503147 |
| 003 | CaOODSP |
| 005 | 20231004095527 |
| 007 | cr ||||||||||| |
| 008 | 150406d20022009xxc|| p o||||f| |0fre|d |
| 040 | |aCaOODSP|bfre |
| 043 | |an-cn--- |
| 086 | 1 |aIu92-1/1F-PDF |
| 245 | 00|aTravailler avec l'Ouest. |
| 246 | 1 |iTitre de renvoi : |aTravailler avec l'Ouest, ... et au-delé : des résultats pour l'Ouest canadien |
| 264 | 1|bDiversification de l'économie de l'Ouest Canada |c2002-2009. |
| 310 | |aAnnuel |
| 362 | 1 |aParaît depuis 2002; ne paraît plus après 2009. |
| 691 | 07|aPolitique économique|2gcpds |
| 691 | 07|aProvinces de l'Ouest|2gcpds |
| 710 | 1 |aCanada. |bDiversification de l'économie de l'Ouest Canada, |eorganisme de publication. |
| 775 | 08|tWorking with the West.|w(CaOODSP)9.506753 |